Every Class 1 New York Senator - Statistics

General Stats
  • This quiz has been taken 28 times
  • The average score is 19 of 38
Answer Stats
Picture Hint Answer % Correct
D(2001-2009) Hillary Clinton
100%
D(2009-) Kirsten Gillibrand
100%
J(1829-1833) Martin Van Buren
86%
D(1965-1968) Robert F. Kennedy
86%
R(1791-1797) Aaron Burr
71%
D(1977-2001) Daniel P. Moynihan
71%
R(1968-1971) Charles E. Goodell
57%
C(1971-1977) James L. Buckley
57%
R(1959-1965) Kenneth B. Keating
57%
J(1829-1833) Charles E. Dudley
43%
R(1899-1911) Chauncey M. Depew
43%
D(1844-1851) Daniel S. Dickinson
43%
D(1893-1899) Edward Murphy Jr.
43%
R(1863-1869) Edwin D. Morgan
43%
D(1875-1881) Francis Kernan
43%
R(1887-1893) Frank Hiscock
43%
F(1800-1803) Gouverneur Morris
43%
OP(1851-1857) Hamilton Fish
43%
R(1947-1959) Irving M. Ives
43%
D(1938-1947) James M. Mead
43%
D(1911-1917) James O'Gorman
43%
F(1798-1800) James Watson
43%
R(1804-1804) John Armstrong Jr.
43%
F(1798-1798) John S. Hobart
43%
W(1833-1844) Nathaniel P. Tallmadge
43%
R(1815-1829) Nathan Sanford
43%
R(1809-1815) Obadiah German
43%
F(1797-1798) Philip J. Schuyler
43%
PA(1789-1791) Philip J. Schuyler
43%
R(1857-1863) Preston King
43%
R(1869-1875) Reuben E. Fenton
43%
D(1923-1928) Royal S. Copeland
43%
R(1804-1809) Samuel L. Mitchill
43%
R(1803-1804) Theodorus Bailey
43%
R(1881-1881) Thomas C. Platt
43%
R(1881-1887) Warner Miller
43%
R(1917-1923) William M. Calder
43%
F(1798-1798) William North
43%
No matching quizzes found
Score Distribution
Percent of People with Each Score
Percentile by Number Answered
Your Score History
You have not taken this quiz